[Event "WSTCC-50 2020"]
[Site "Prague"]
[Date "2020.03.09"]
[Round "4.4"]
[White "Yermolinsky, Alex"]
[Black "Plaskett, H James"]
[Result "1-0"]
[WhiteElo "2487"]
[BlackElo "2401"]
[Annotator "TA"]
[PlyCount "99"]
[EventDate "2020.03.06"]
[EventType "team-tourn"]
[EventCountry "CZE"]
[SourceTitle "playchess.com"]
[Source "ChessBase"]
[SourceQuality "1"]

{[%evp 11,99,16,29,29,29,20,20,20,20,20,27,25,30,33,20,28,30,21,39,0,0,7,2,17,0,0,119,118,111,108,148,125,131,131,144,149,133,144,146,162,145,145,150,139,160,159,141,128,135,78,70,85,86,83,174,103,131,119,161,161,172,171,357,377,470,464,443,467,457,456,627,628,621,624,583,590,922,1024,1017,1007,939,937,1116,1093,1078,1030,1010,976,866,856]} 1. Nf3 Nf6 2. c4 e6 3. Nc3 b6 4. g3 Bb7 5. Bg2 Bb4 6. d3 O-O 7. e4 {A17: English Opening: 1...Nf6 with ...Bb4.} d5 8. e5 Nfd7 9. cxd5 {The position is equal.} Bxd5 10. O-O Bxc3 11. bxc3 c5 12. d4 Nc6 13. Ng5 Bxg2 14. Kxg2 {[#]} Ndb8 $146 {[%cal Rc5d4]} ({Predecessor:} 14... cxd4 15. cxd4 Ndb8 16. Qd3 Qd5+ 17. f3 g6 18. Rd1 b5 19. Ne4 Nd7 20. Bg5 Rac8 {1-0 (49) Gavrikov,V (2580)-Rozentalis,E (2565) Biel 1990}) 15. Qf3 cxd4 16. cxd4 $40 {[%mdl 128] Black needs to defend precisely.} h6 17. Ne4 $1 {Strongly threatening Bxh6!} Qxd4 18. Ba3 {Black must now prevent Rfd1.} Nxe5 {[#]} (18... Rd8 $11 19. Nf6+ gxf6) 19. Nf6+ $1 $16 {[%mdl 576] Discovered Attack} gxf6 20. Qxa8 Re8 21. Rad1 {[%cal Ba1d1,Bd1d4,Bd4g4][%mdl 32]} Qa4 22. Bd6 Na6 {[#]} 23. Rd4 $1 {[%cal Rd4a4][%mdl 512]} Qc6+ (23... Qxd4 24. Qxe8+) 24. Qxc6 Nxc6 25. Rg4+ Kh7 26. Rc1 {[%mdl 1024] White has strong compensation.} Na5 27. Rc3 f5 28. Rh4 e5 29. Ra4 Re6 30. Bb4 (30. Ba3 $142) 30... Nxb4 31. Rxb4 {[%mdl 4096] Endgame KRR-KRN} Kg6 32. Rc7 Kf6 (32... e4 $16 {keeps fighting.}) 33. Rh4 (33. Ra4 $18) 33... Kg6 34. Ra4 e4 35. Rxa7 Nc6 36. Rb7 Ne5 $2 (36... Na5 37. Rb8 Rc6) 37. Rb4 $18 Re8 38. R4xb6+ {White is clearly winning.} Kg7 39. Rb5 f4 40. gxf4 Nd3 41. Rf5 Rf8 42. h4 Kg6 43. Rbb5 f6 44. h5+ Kf7 45. Rb6 Ke7 46. Kf1 Ra8 47. Rfxf6 Rxa2 48. Rbe6+ Kd7 49. Rxe4 Rxf2+ 50. Kg1 {Accuracy: White = 89%, Black = 66%.} 1-0

[Event "WSTCC-50 2020"]
[Site "Prague"]
[Date "2020.03.09"]
[Round "4.5"]
[White "Petursson, Margeir"]
[Black "Hracek, Zbynek"]
[Result "1/2-1/2"]
[WhiteElo "2466"]
[BlackElo "2572"]
[Annotator "TA"]
[PlyCount "53"]
[EventDate "2020.03.06"]
[EventType "team-tourn"]
[EventCountry "CZE"]
[SourceTitle "playchess.com"]
[Source "ChessBase"]
[SourceQuality "1"]

{[%evp 9,53,0,0,0,0,0,8,0,0,0,0,0,1,-4,14,25,32,49,49,29,83,14,25,18,25,18,49,33,32,33,41,33,39,45,38,29,66,62,63,68,70,59,88,71,77,57]} 1. c4 c5 2. Nf3 Nc6 3. Nc3 e5 4. d3 g6 5. Bg5 f6 6. Bd2 {A35: Symmetrical English: 2 Nc3 Nc6 3 Nf3.} Bg7 7. a3 a5 8. g3 {The position is equal.} Nge7 9. Bg2 d6 10. O-O {[#]} Be6 $146 ({Predecessor:} 10... O-O 11. Ne1 Be6 12. Nc2 d5 13. cxd5 Nxd5 14. Ne3 Nde7 15. Rb1 Rb8 16. Na4 b6 17. b4 axb4 18. axb4 Nxb4 19. Bxb4 cxb4 20. Rxb4 Bh6 21. Ng4 Bg7 {1-0 (66) Mchedlishvili,M (2619)-Atakisi,U (2393) Budva 2009}) 11. Ne1 Qd7 12. Nd5 {Hoping for Nb6.} Rb8 13. b4 axb4 14. axb4 cxb4 {[#]} (14... b5 $11) 15. Nxb4 (15. Nc2 $1 $16) 15... Nxb4 16. Bxb4 Nc6 17. Rb1 d5 18. cxd5 Bxd5 19. Bxd5 Qxd5 20. Nc2 Kf7 21. e4 Qe6 22. Ne3 Rhd8 23. Nd5 Rd7 24. Bc5 Bf8 25. Bb6 Bd6 26. Qa4 h5 27. Kg2 {Accuracy: White = 92%, Black = 77%.} 1/2-1/2

[Event "WSTCC-50 2020"]
[Site "Prague"]
[Date "2020.03.09"]
[Round "4.6"]
[White "Velicka, Petr"]
[Black "Thorhallsson, Throstur"]
[Result "1/2-1/2"]
[WhiteElo "2425"]
[BlackElo "2424"]
[Annotator "TA"]
[PlyCount "103"]
[EventDate "2020.03.06"]
[EventType "team-tourn"]
[EventCountry "CZE"]
[SourceTitle "playchess.com"]
[Source "ChessBase"]
[SourceQuality "1"]

{[%evp 13,103,0,16,8,24,19,18,15,29,0,9,0,0,-26,-12,-96,-88,-79,-61,-50,-55,-81,-56,-55,0,-50,-57,-64,-72,-102,-95,-100,-93,-113,-90,-97,-100,-147,-69,-76,-73,-78,-62,-68,-76,-66,-71,-57,-57,-87,-61,-72,-39,-16,0,0,0,-179,0,-136,-137,-116,-125,-116,-32,-100,0,0,0,0,0,0,152,0,0,0,0,0,0,0,0,0,0,0,0,0,0,0,0,0,0,0]} 1. e4 c5 2. Nf3 d6 3. Bb5+ Nd7 4. d4 cxd4 5. Qxd4 a6 6. Bxd7+ Bxd7 7. O-O Bg4 8. Nbd2 {B51: Sicilian: Moscow Variation (3 Bb5+) without 3...Bd7.} Nf6 9. h3 Bh5 10. b3 e6 11. c4 Be7 12. Bb2 O-O {[#]} 13. g4 $146 ({Predecessor:} 13. Qe3 Rc8 14. Nd4 Re8 15. f4 Bf8 16. Kh1 Bg6 17. Qf3 e5 18. Ne2 exf4 19. Nxf4 {½-½ (56) Velicka,P (2506)-Stocek,J (2584) Havlickuv Brod 2008}) 13... Bg6 14. Nh2 (14. e5 $11 {keeps the balance.}) 14... Rc8 $17 15. Rac1 Qa5 16. Bc3 Qc7 ({Not} 16... Qxa2 $2 17. Ra1 $18) 17. Bb2 Rfd8 18. Qe3 Qa5 ({Black should try} 18... e5 $15) 19. Bc3 Qa3 ({But not} 19... Qxa2 $2 20. Ra1 $18) 20. Qe2 d5 21. cxd5 exd5 {[%cal Rf6e4]} 22. Nb1 Qd6 23. e5 Qe6 24. Bd4 Ne4 25. Qe3 f6 (25... Rxc1 $17 26. Qxc1 Rc8) 26. exf6 $1 $15 Bxf6 27. Nd2 Rxc1 28. Rxc1 Bxd4 $1 29. Qxd4 Nxd2 30. Qxd2 d4 31. Nf1 d3 32. Rc7 h6 33. Rxb7 Qf6 {aiming for ...Be4.} 34. Rc7 Re8 {White must now prevent ...Re2.} 35. Ne3 $2 {[#]} (35. Ng3 $11 {and White stays safe.}) 35... Rf8 $2 (35... Be4 $1 $19 {And now ...Qf3 would win.} 36. Qc3 Qxc3 37. Rxc3 d2) 36. Nd5 {[#]} (36. Nf1 $1 $11 {was the only way to keep the balance.}) 36... Qa1+ $1 $17 {[%mdl 1024] Black has strong compensation.} 37. Rc1 Qe5 38. Nc3 Rf3 ({Better is} 38... Qd4 $17 39. Kg2 Be8) 39. Re1 (39. Kg2 $1 $15 Rf8 40. Re1) 39... Qf6 (39... Qd6 $17 40. Kg2 Qc6) 40. Nd5 $36 {[%mdl 2048] Black is under pressure.} Qh4 (40... Qd4 $5 41. Ne7+ $8 {[%mdl 64] Double Attack} Kh7 42. Nxg6 Kxg6 $11) 41. Ne7+ {[%mdl 64] Double Attack} Kh7 42. Nxg6 Kxg6 $2 (42... Rg3+ $1 $11 43. fxg3 Qxg3+ 44. Kf1 Qf3+ 45. Kg1 Qg3+ 46. Kh1 (46. Kf1 Qf3+ 47. Kg1 Qg3+ $11) 46... Qxh3+ 47. Kg1 Qg3+ 48. Kh1 Qh3+ 49. Kg1 Qg3+ 50. Kh1 Qh3+) 43. Re3 $2 ({White has to play} 43. Re6+ $16 Kf7 44. Rxa6) 43... Rxe3 {The position is equal.} 44. Qxe3 {[%mdl 4096] Endgame KQ-KQ} Qd8 45. Qd2 Qd5 46. b4 Kh7 47. a3 Qf3 48. a4 Qd5 49. Kh2 Qf3 50. Kg1 Kg8 {Hoping for ...Qe2.} 51. Qc1 Qd5 {...d2 is the strong threat.} 52. Qd2 {Accuracy: White = 68%, Black = 79%.} 1/2-1/2

[Event "WSTCC-50 2020"]
[Site "Prague"]
[Date "2020.03.09"]
[Round "4.7"]
[White "Jonsson, Bjorgvin"]
[Black "Langner, Ladislav"]
[Result "1/2-1/2"]
[WhiteElo "2324"]
[BlackElo "2377"]
[Annotator "TA"]
[PlyCount "87"]
[EventDate "2020.03.06"]
[EventType "team-tourn"]
[EventCountry "CZE"]
[SourceTitle "playchess.com"]
[Source "ChessBase"]
[SourceQuality "1"]

{[%evp 12,87,24,35,84,32,130,124,159,43,48,46,67,25,29,37,81,66,74,58,139,117,154,131,127,124,152,127,220,190,335,297,284,283,514,493,619,407,391,349,403,344,337,333,322,291,260,0,0,0,0,0,177,161,319,265,363,298,526,481,739,744,1307,1297,1188,1247,926,0,0,0,0,0,0,0,0,0,0,0]} 1. e4 g6 2. d4 Bg7 3. Nc3 c6 4. Be3 d5 5. f3 dxe4 6. fxe4 Nf6 7. Nf3 Qa5 {B15: Caro-Kann: 3 Nc3: 3...g6 and 3...dxe4 4 Nxe4 Nf6 5 Nxf6+ exf6.} 8. Bd3 (8. e5 $16 Ne4 9. Bc4) 8... Ng4 (8... c5 $14) 9. Bd2 $16 Qc7 {[#] White is better.} 10. Qe2 $146 ({White should play} 10. e5 $16) ({Predecessor:} 10. e5 Na6 11. h3 Nh6 12. g4 Nb4 13. Bc4 Be6 14. Bxe6 fxe6 15. Ne4 Na6 16. Qe2 {1-0 (51) Wang,H (2610)-Asrian,K (2635) Taiyuan 2006}) 10... e5 $14 11. d5 Nd7 12. a4 O-O 13. O-O a5 14. Bc4 Nb6 {[#]} 15. Bb3 $1 $36 {[%mdl 2048] Black is under pressure.} Bd7 (15... cxd5 $14 16. exd5 e4 17. Qxe4 (17. Nxe4 Bf5 $14) 17... Bf5) 16. h3 Nf6 17. Be3 cxd5 18. exd5 Rac8 19. Rad1 e4 (19... Nc4 $16) 20. Nd4 $18 Bxh3 (20... Qe5 $142) 21. Ndb5 Qg3 {...Bxg2! is the strong threat.} 22. Qf2 Qg4 $2 (22... Qxf2+ 23. Bxf2 Bg4) 23. Bxb6 Nh5 24. Bd4 Nf4 {[%cal Rf4g2]} 25. Bxg7 Nxg2 26. Be5 Nf4+ 27. Kh2 Bxf1 28. Bxf4 Bxb5 29. axb5 $2 (29. Rd4 $18 Rxc3 30. bxc3) 29... Rxc3 $1 $11 30. bxc3 Qxd1 31. d6 Rc8 $2 (31... h6 $11 {and Black stays safe.}) 32. Bg3 {[%mdl 1024] White has strong compensation.} Qh5+ $2 (32... Rf8) 33. Kg2 $18 g5 34. Qe3 Qg4 $2 (34... Qf3+ {is a better defense.} 35. Qxf3 exf3+ 36. Kxf3 Kf8) 35. Bd5 $1 {[%csl LRb7,LRe4][%mdl 64] [#] Double Attack} Re8 (35... Rd8 $142 36. Bxe4 Rxd6) 36. Bxb7 f5 37. d7 Rd8 38. Bd5+ Kg7 39. Bc6 $2 (39. Qd4+ $18 Kg6 40. Bc4 (40. Qb6+ Kg7 $16) 40... Qf3+ 41. Kh2 Qh5+ 42. Kg1) 39... f4 $11 {[%mdl 64] Pin. The position is equal.} 40. Qd4+ Kh6 41. Qf6+ {[%mdl 64] Double Attack} Kh5 42. Qf7+ Kh6 43. Qf6+ Kh5 44. Qf7+ {Accuracy: White = 75%, Black = 29%.} 1/2-1/2

[Event "WSTCC-50 2020"]
[Site "Prague"]
[Date "2020.03.09"]
[Round "4.8"]
[White "Konopka, Michal"]
[Black "Gislason, Gudmundur"]
[Result "1-0"]
[WhiteElo "2353"]
[BlackElo "2322"]
[Annotator "TA"]
[PlyCount "67"]
[EventDate "2020.03.06"]
[EventType "team-tourn"]
[EventCountry "CZE"]
[SourceTitle "playchess.com"]
[Source "ChessBase"]
[SourceQuality "1"]

{[%evp 20,67,32,48,37,41,52,66,155,149,179,136,118,68,70,73,65,72,467,478,474,463,440,334,427,163,244,82,93,102,105,109,135,135,111,42,214,214,277,266,290,274,282,250,473,473,467,452,511,500]} 1. Nf3 Nf6 2. c4 g6 3. g3 Bg7 4. Bg2 O-O 5. O-O c6 6. d4 d6 7. Nc3 Nbd7 8. e4 e5 9. h3 Re8 10. Re1 a5 11. Qc2 exd4 {E69: King's Indian: Fianchetto: 6...Nbd7 7 0-0 e5 8 e4 c6 9 h3.} 12. Nxd4 Ne5 13. b3 {[#]} d5 $146 (13... c5 $14 14. Ndb5 Bxh3) ({Predecessor:} 13... Nfd7 14. Be3 Nc5 15. Rad1 Qe7 16. f4 Ned7 17. Bf2 Nf8 18. Kh2 Bd7 19. a3 h5 20. Nf3 Bc8 21. Bd4 Bxd4 22. Nxd4 h4 23. Qf2 Nfe6 24. Nxe6 Bxe6 25. gxh4 Nxb3 {½-½ (31) Ivanov,M (2389)-Haddouche,M (2399) Marianske Lazne 2012}) 14. cxd5 $16 cxd5 15. Bg5 ({Inferior is} 15. Nxd5 Nxd5 16. exd5 Nf3+ 17. Nxf3 Bxa1 $15) 15... dxe4 16. Nxe4 {Rad1 is the strong threat.} (16. Rad1 {seems wilder.} h6 17. Bxf6 Qxf6 18. Nd5 Qd8 19. Nc7) 16... Qxd4 17. Nxf6+ Bxf6 18. Bxf6 {Black must now prevent Qe2.} Nf3+ $2 {[%mdl 8192]} (18... Qd6 $16 {is tougher.} 19. Bxe5 Rxe5) 19. Bxf3 $18 {[%cal Re1e8]} Rxe1+ 20. Rxe1 {[%cal Re1e8]} Qxf6 21. Re8+ {[%mdl 64] Double Attack} Kg7 {Strongly threatening ...Bf5.} 22. Be4 $2 (22. Qc5 {[%csl Ge8][%cal Rc5f8]} Qxf3 23. Qf8+ Kf6 24. Qh8+ {[%mdl 64] Double Attack} Kg5 25. Re5+ (25. Rxc8 Rxc8 26. Qxc8 Qd1+ 27. Kh2 Qd5 $11) 25... Bf5 26. Qxa8 Qd1+ 27. Kg2) 22... Qd4 {[#]} (22... Qa1+ {was necessary.} 23. Kh2 Qd4) 23. Rxc8 $2 (23. Qd3 $1 $18 {[%cal Rd3d4] and the rest is easy.} Qxd3 24. Bxd3) 23... Rxc8 $16 24. Qxc8 Qxe4 $18 {[%mdl 4096] Endgame KQ-KQ} 25. Qc3+ {[%mdl 64] Double Attack} f6 26. Qxa5 g5 27. Qa4 (27. Qc3 $16) 27... Qd5 $2 {[#]} (27... Qxa4 $14 28. bxa4 f5) 28. Qc4 $1 {[%cal Rc4d5]} Qe5 29. a4 h5 30. Kg2 f5 31. Qd3 h4 $2 (31... Qe6 32. b4 g4) 32. gxh4 {White is clearly winning.} gxh4 33. Qd7+ {[%mdl 64] Double Attack} Kh6 {intending ...Qe4+.} 34. Qxb7 {Accuracy: White = 59%, Black = 37%.} 1-0

[Event "WSTCC-50 2020"]
[Site "Prague"]
[Date "2020.03.09"]
[Round "4.9"]
[White "Graf, Alexander"]
[Black "Ftacnik, Lubomir"]
[Result "0-1"]
[WhiteElo "2575"]
[BlackElo "2513"]
[Annotator "TA"]
[PlyCount "100"]
[EventDate "2020.03.06"]
[EventType "team-tourn"]
[EventCountry "CZE"]
[SourceTitle "playchess.com"]
[Source "ChessBase"]
[SourceQuality "1"]

{[%evp 13,100,4,8,0,11,4,17,0,14,0,0,-4,10,0,0,0,8,0,-6,-22,-20,-9,58,64,72,63,64,0,0,-3,-5,-77,0,0,0,0,35,31,40,50,113,132,198,192,187,145,147,148,147,149,148,147,141,145,180,68,68,77,89,45,39,41,43,47,32,35,46,50,79,71,122,121,123,130,130,127,166,125,124,106,108,79,79,72,71,67,87,58,187]} 1. d4 Nf6 2. Nf3 g6 3. c3 Bg7 4. Bg5 b6 5. Nbd2 Bb7 6. e3 O-O {6...0-0 was played by the boomers.} 7. Bd3 c5 8. O-O {A48: 1 d4 Nf6 2 Nf3 g6: Torre, London and Colle Systems.} d6 9. h3 Nc6 10. a3 {The position is equal.} h6 11. Bh4 {[#]} cxd4 $146 ({Predecessor:} 11... a6 12. b4 b5 13. Bxf6 exf6 14. bxc5 dxc5 15. Ne4 cxd4 16. cxd4 Na5 17. a4 Nc4 18. Bxc4 Bxe4 19. axb5 axb5 20. Rxa8 Qxa8 21. Bxb5 {½-½ (43) Izeta Txabarri,F (2516)-Sunye Neto,J (2546) Rio de Janeiro 1999}) 12. exd4 e5 13. Re1 exd4 14. cxd4 Re8 15. Rxe8+ (15. Qa4 {is interesting.} Ne7 16. Bxf6 Bxf6 17. Ne4 Bg7 18. Bb5) 15... Qxe8 16. Nc4 Qd7 17. Bg3 Nh5 ({Better is} 17... Ne8 $11) 18. Bh2 $1 $14 Bf8 19. d5 $36 {[%mdl 2048] White has some pressure.} Nb8 20. Nfd2 (20. Nd4 $14) 20... Bxd5 $11 21. Ne4 {[%cal Rc4d6]} Nc6 22. Nexd6 ({Much worse is} 22. Bxd6 Rd8 $17) (22. Nc3 $11 {keeps the balance.} Be6 23. Qf3) 22... Nf6 (22... Rd8 $17 23. Bf5 Be6 24. Bxe6 Qxe6) 23. Nb5 Rd8 {Strongly threatening ...Bxc4.} 24. Bf1 Bc5 25. b4 $1 {[%cal Rb4c5]} Bf8 26. Ne3 Be6 (26... Qe7 $14) 27. Qf3 $1 $16 {And now Rd1 would win.} Be7 (27... Nh7 $16 {keeps fighting.}) 28. Rd1 $1 $18 {[%cal Rd1d7]} Qc8 29. Rc1 Nd4 {[#]} 30. Nxd4 $3 {[%mdl 512]} Qxc1 (30... Rxd4 31. Rxc8+) 31. Nc6 {[%mdl 64] Double Attack} Kf8 {next ...Bd5 is good for Black.} 32. Nxd8 Bxd8 33. Qa8 Ke8 34. Qxa7 (34. Bd6 $18) 34... Ne4 $1 $14 35. Qa4+ Bd7 36. Qc2 Qxc2 37. Nxc2 Bh4 38. g3 Bf6 39. g4 Nd2 40. Be2 Ba4 41. Ne3 Bd4 (41... Nb1 $142) 42. Bf4 $16 Nb1 43. Nc4 g5 44. Bc1 Bd7 {[#]} 45. Bd3 $1 {[%cal Rd3b1]} Nc3 46. Bd2 Nd5 47. Nd6+ Ke7 48. Nf5+ Bxf5 49. Bxf5 Kd6 50. a4 Ke5 {[%mdl 32768] Accuracy: White = 80%, Black = 69%. . Sensor Board Error (Ke4/e5)?} ({Black should try} 50... Bc3 $1 $14 51. Bxc3 Nxc3) 0-1

[Event "WSTCC-50 2020"]
[Site "Prague"]
[Date "2020.03.09"]
[Round "4.10"]
[White "Stohl, Igor"]
[Black "Jussupow, Artur"]
[Result "1/2-1/2"]
[WhiteElo "2470"]
[BlackElo "2560"]
[Annotator "TA"]
[PlyCount "59"]
[EventDate "2020.03.06"]
[EventType "team-tourn"]
[EventCountry "CZE"]
[SourceTitle "playchess.com"]
[Source "ChessBase"]
[SourceQuality "1"]

{[%evp 23,59,0,0,8,0,0,16,8,18,-14,14,12,16,13,17,17,16,14,26,20,24,21,35,34,35,35,36,36,36,36,37,28,35,0,32,0,38,0]} 1. Nf3 Nf6 2. c4 e6 3. d4 Bb4+ 4. Bd2 a5 5. g3 b6 6. Bg2 Bb7 7. O-O O-O 8. Bf4 Be7 9. Nc3 Ne4 10. Qc2 Nxc3 11. Qxc3 d6 12. Rad1 Nd7 13. Ne1 {E16: Queen's Indian: 4 g3 Bb7 5 Bg2 Bb4+.} Bxg2 14. Nxg2 Bf6 15. Qc2 {[#] The position is equal.} Re8 $146 ({Predecessor:} 15... Qe7 16. Rfe1 Rfe8 17. Bc1 Rad8 18. Nf4 g6 19. b3 Qf8 20. Bb2 Qg7 21. Ba1 Nb8 {0-1 (52) Lehmann,M (2279)-Durarbayli,V (2416) Sibenik 2007}) 16. Bc1 e5 17. dxe5 Nxe5 18. Nf4 Bg5 19. Nd5 {[#] And now Bxg5 would win.} Bxc1 20. Qxc1 Qd7 21. b3 Nc6 22. Rfe1 Nb4 23. Nc3 Qh3 24. e4 Rac8 25. Qd2 Na6 26. f3 Nc5 27. Qg2 Qe6 28. Qd2 Qh3 29. Qg2 Qe6 30. Qd2 {Accuracy: White = 87%, Black = 93%.} 1/2-1/2

[Event "WSTCC-50 2020"]
[Site "Prague"]
[Date "2020.03.09"]
[Round "4.11"]
[White "Levin, Felix"]
[Black "Motuz, Karol"]
[Result "1/2-1/2"]
[WhiteElo "2480"]
[BlackElo "2368"]
[Annotator "TA"]
[PlyCount "55"]
[EventDate "2020.03.06"]
[EventType "team-tourn"]
[EventCountry "CZE"]
[SourceTitle "playchess.com"]
[Source "ChessBase"]
[SourceQuality "1"]

{[%evp 13,55,28,34,30,34,31,35,30,39,0,36,25,50,21,32,35,39,37,50,50,45,11,6,23,4,0,0,0,0,0,0,0,41,43,47,37,40,7,28,0,47,0,29,0]} 1. d4 d5 2. c4 e6 3. Nf3 Nf6 4. g3 dxc4 5. Bg2 a6 6. O-O Nc6 7. e3 Bd7 {7...Rb8 deserves study. Played by Jan Krzysztof Duda in January 2020.} 8. Qe2 {E04: Open Catalan: 5 Nf3.} Bd6 9. Qxc4 O-O 10. Rd1 {White is slightly better.} Qe7 11. Qe2 Rab8 12. Nbd2 b5 {[#]} 13. b3 $146 ({Predecessor:} 13. Nb3 e5 14. dxe5 Nxe5 15. Nxe5 Bxe5 16. Qc2 Rfe8 17. Bd2 Rbc8 18. Rac1 c5 19. Nxc5 {½-½ (33) Rogetzer,K (2523)-Babic,D (2481) ICCF email 2017}) 13... e5 14. dxe5 Nxe5 15. Bb2 h6 16. Rac1 c5 17. Nxe5 Bxe5 18. Bxe5 Qxe5 19. Ne4 Nxe4 20. Rxd7 Nc3 $1 {[%cal Rc3e2]} 21. Qd2 b4 22. Rc2 Rfe8 23. Qd3 a5 24. Rd2 Re7 $1 25. Rd8+ Re8 $1 {[%cal Re8d8]} 26. Rd7 Re7 $1 27. Rd8+ Re8 $1 {[%cal Re8d8]} 28. Rd7 {Accuracy: White = 74%, Black = 89%.} 1/2-1/2

[Event "WSTCC-50 2020"]
[Site "Prague"]
[Date "2020.03.09"]
[Round "4.12"]
[White "Petran, Peter"]
[Black "Meister, Jakob"]
[Result "0-1"]
[WhiteElo "2268"]
[BlackElo "2427"]
[Annotator "TA"]
[PlyCount "98"]
[EventDate "2020.03.06"]
[EventType "team-tourn"]
[EventCountry "CZE"]
[SourceTitle "playchess.com"]
[Source "ChessBase"]
[SourceQuality "1"]

{[%evp 9,98,2,24,25,28,40,33,27,37,35,51,48,41,33,40,35,38,10,40,14,0,0,12,0,12,-19,-12,-61,-57,-53,-54,-56,-48,-91,-83,-89,-75,-87,-45,-83,-83,-98,-50,-99,-99,-99,-99,-99,-99,-95,-95,-88,-72,-94,-97,-93,-56,-46,-67,-71,0,-52,-6,0,0,-75,-76,-339,-393,-680,-665,-732,-732,-709,-706,-1116,-1111,-1093,-1059,-969,-603,-603,-603,-933,-887,-1150,-543,-565,-540,-587,-577]} 1. c4 c5 2. g3 Nc6 3. Bg2 g6 4. Nc3 Bg7 5. d3 Nh6 6. e4 {A36: Symmetrical English vs ...g6: 4 Bg2 Bg7.} d6 7. Nge2 f5 8. O-O {White is slightly better.} O-O 9. Rb1 {[#]} Ng4 $146 ({Predecessor:} 9... e5 10. f4 Nd4 11. Nxd4 exd4 12. Nd5 Ng4 13. b4 Nf6 14. bxc5 dxc5 15. e5 Ng4 {1-0 (51) Werner,B (2087)-Schnepel,T (1945) Birkenfeld 2013}) 10. h3 Nf6 11. exf5 Bxf5 12. g4 Bd7 13. Be3 e5 14. Bg5 h6 15. Bd2 h5 16. g5 Ne8 17. Nd5 Nc7 18. Nxc7 Qxc7 19. Nc3 Bf5 $36 {[%mdl 2048] Black is more active.} 20. Be3 Qd7 21. h4 Rae8 22. Ne4 Rd8 23. a3 Nd4 24. Bxd4 cxd4 25. Qf3 Be6 26. Qg3 Rf4 27. f3 b6 {[%cal Bb7b6,Bb6b5][%mdl 32]} 28. Rbe1 Qa4 29. Rf2 Kh8 30. Rfe2 Qc6 31. Rd1 b5 32. b3 a5 {[%cal Rb5c4]} 33. Qe1 Qb6 34. Rc1 Bf8 (34... Rc8 $17) 35. a4 ({White should try} 35. Nf6 $11) 35... bxc4 36. bxc4 Rb8 37. c5 (37. Nf6 $11) 37... dxc5 $17 {[#] Hoping for ...c4!} 38. Nxc5 $2 {[%mdl 8192] Loses the game.} (38. Nf6 $17 {was worth a try.}) 38... Bxc5 $19 39. Rec2 $2 (39. Rxe5 Bb4 40. Rxe6 Bxe1 41. Rxb6 Rxb6 42. Rxe1) 39... Bd6 {Black is clearly winning.} 40. Rc6 Qd8 41. Ra6 Ra8 42. Rcc6 Rxa6 43. Rxa6 Qc7 44. Rxa5 Rf8 {...e4! is the strong threat.} 45. Rb5 Bf5 46. Qb1 Rc8 47. Bf1 {[#]} Qc2 (47... e4 $142 $1 {( -> ...Bh2+)} 48. Qb2 (48. dxe4 Bh2+) 48... exf3 49. Qxd4+ Kh7 50. Rxf5 gxf5) 48. Qxc2 Rxc2 49. Rd5 Bc7 {Accuracy: White = 55%, Black = 75%.} 0-1

[Event "WSTCC-50 2020"]
[Site "Prague"]
[Date "2020.03.09"]
[Round "4.13"]
[White "Vokac, Marek"]
[Black "Potapov, Alexander"]
[Result "1/2-1/2"]
[WhiteElo "2348"]
[BlackElo "2413"]
[Annotator "TA"]
[PlyCount "84"]
[EventDate "2020.03.06"]
[EventType "team-tourn"]
[EventCountry "CZE"]
[SourceTitle "playchess.com"]
[Source "ChessBase"]
[SourceQuality "1"]

{[%evp 19,84,39,52,44,65,42,49,27,52,29,50,49,48,52,50,49,53,42,60,56,58,47,77,81,76,46,50,47,70,75,79,43,41,0,0,0,0,0,8,18,64,12,12,14,39,0,0,0,0,0,0,0,0,0,0,0,0,0,0,0,0,0,0,0,0,0,0]} 1. Nf3 Nf6 2. c4 e6 3. b3 d5 4. Bb2 Be7 5. g3 O-O 6. Bg2 c5 7. cxd5 exd5 8. d4 Nc6 9. O-O Be6 10. Nc3 h6 11. Rc1 {D34: Tarrasch Defence: 6 g3 Nf6 7 Bg2 Be7.} Re8 12. dxc5 Bxc5 {[#]} 13. Nb5 $146 {Threatens to win with Bxf6.White is slightly better.} ({Predecessor:} 13. e3 Qe7 14. Nb5 Ne4 15. Nfd4 a6 16. Nxe6 fxe6 17. Bxe4 axb5 18. Bb1 Ba3 19. Bxa3 Rxa3 {1-0 (37) Miton,K (2611)-Dimitrov,A (2306) Achaea 2016}) 13... Bb6 14. Nbd4 Rc8 15. Nxe6 fxe6 16. e3 Qe7 17. Ne5 Nxe5 18. Bxe5 Rc6 19. Rxc6 bxc6 20. Qc2 Ng4 21. Bb2 Rf8 22. Qe2 (22. Qxc6 {with more complications.} Nxf2 23. Bd4 Bxd4 24. exd4 Ng4 25. Re1) 22... Qg5 23. Bc1 e5 24. h3 Nf6 25. Qc2 c5 {[#]} 26. Bxd5+ $1 {[%mdl 576] Remove Defender} Nxd5 27. e4 $1 {[%csl LRd5,LRg5]} Nf4 $1 {[%cal Rf4h3]} 28. Qc4+ Rf7 (28... Kh7 $5 29. Kh2 $8 Qh5 30. gxf4 exf4 $11) 29. Kh2 $1 Bc7 {next ...Qg6 is good for Black.} 30. Rg1 (30. f3 $1 $14) 30... Qh5 $11 {[%csl Gf4][%cal Rh5h3]} 31. gxf4 exf4 {Strongly threatening ...f3+.} 32. Qe6 {Qe8+ is the strong threat.} Qe2 {The position is equal.} 33. Qe8+ Kh7 34. Qxf7 {[%csl Gg1][%cal Rf7g7]} Qxf2+ 35. Kh1 {[%csl Gg1][%cal Rf7g7]} Qf3+ {[%mdl 64] [#] Double Attack} 36. Kh2 {[%csl Gg1][%cal Rf7g7]} Qf2+ 37. Kh1 {[%csl Gg1][%cal Rf7g7]} Qf3+ {[%mdl 64] Double Attack} 38. Kh2 {[%csl Gg1][%cal Rf7g7]} Qe2+ 39. Kh1 {[%csl Gg1][%cal Rf7g7]} Qxe4+ 40. Rg2 {[%csl Gg2][%cal Rf7g7]} Qe1+ $1 {[%mdl 64] Double Attack} 41. Rg1 {[%csl Gg1][%cal Rf7g7]} Qe4+ 42. Rg2 {[%csl Gg2][%cal Rf7g7]} Qe1+ $1 {[%mdl 64] Double Attack. Accuracy: White = 78%, Black = 91%.} 1/2-1/2